| 000 -LEADER |
| fixed length control field |
00623nam a22001817a 4500 |
| 008 - FIXED-LENGTH DATA ELEMENTS--GENERAL INFORMATION |
| fixed length control field |
250529b 2012 ||||| |||| 00| 0 eng d |
| 020 ## - INTERNATIONAL STANDARD BOOK NUMBER |
| International Standard Book Number |
2831894093 |
| 082 ## - DEWEY DECIMAL CLASSIFICATION NUMBER |
| Classification number |
623 |
| Item number |
IEC |
| 110 ## - MAIN ENTRY--CORPORATE NAME |
| Corporate name or jurisdiction name as entry element |
IEC - International Electrotechnical Commission |
| 245 ## - TITLE STATEMENT |
| Title |
IEC 62388 International standard : Maritime Navigation and radiocommunication equipment and systems |
| 250 ## - EDITION STATEMENT |
| Edition statement |
1.0 |
| 260 ## - PUBLICATION, DISTRIBUTION, ETC. (IMPRINT) |
| Place of publication, distribution, etc |
Geneva, Switzerland |
| Name of publisher, distributor, etc |
International Electrotechnical commission - IEC |
| Date of publication, distribution, etc |
2007-2012 |
| 300 ## - PHYSICAL DESCRIPTION |
| Extent |
202p. |
| 650 ## - SUBJECT ADDED ENTRY--TOPICAL TERM |
| Topical term or geographic name as entry element |
Radar Performance |
| 650 ## - SUBJECT ADDED ENTRY--TOPICAL TERM |
| Topical term or geographic name as entry element |
CCRP and own ship |
| 650 ## - SUBJECT ADDED ENTRY--TOPICAL TERM |
| Topical term or geographic name as entry element |
Orientation, motion and stabilisation |
| 942 ## - ADDED ENTRY ELEMENTS (KOHA) |
| Item type |
Books |